| 000 | 00928nam a22002897a 4500 | ||
|---|---|---|---|
| 001 | BR7375006 | ||
| 003 | BR-BrBNA | ||
| 005 | 20230928084402.0 | ||
| 007 | ta | ||
| 008 | 230509b bl.||||| |||| 00| 0 por d | ||
| 040 |
_aBR-BrBNA _bpor _cBiblioteca Nacional de Agricultura |
||
| 041 | _a(Por) | ||
| 072 |
_aE50; E30; E15 _b/G514 |
||
| 090 | _ E50 BR7375006 | ||
| 110 | 1 |
_aComissao Executiva do Plano de Recuperacao Economico-Rural da Lavoura Cacaueira, Ilheus, BA (Brasil) _92138 |
|
| 245 | 1 | _aCEPLAC - Programa 1970 [Comissao Executiva do Plano de Recuperacao Economico-Rural da Lavoura Cacaueira; Bahia; Brasil] | |
| 260 | 3 |
_aIlheus, BA (Brasil): _c[nd]. |
|
| 300 | _avp. | ||
| 500 | _aPublished after 1969 | ||
| 650 | _aCOOPERATIVA | ||
| 650 | _aPROJETO DE DESENVOLVIMENTO | ||
| 650 | _aORCAMENTO | ||
| 650 | _aINSTITUICAO AGRICOLA | ||
| 650 | _aBAHIA | ||
| 909 |
_a202309 _bLucia _c55 _dLucia Elande |
||
| 942 | _cBK | ||
| 999 |
_c18587 _d18587 |
||